000 00697cam a2200253 4500500
005 20260405002715.0
041 _afre
042 _adc
100 1 0 _aEnjalbert, Cédric
_eauthor
245 0 0 _aPassions au scalpel
260 _c2018.
500 _a56
690 _aArthur Schnitzler
690 _aConviction
690 _acourage
690 _aHypocrisie
690 _aLâcheté
690 _aMorale
690 _aReligion
690 _aThéâtre
690 _aThomas Ostermeier
786 0 _nPhilosophie magazine | 119 | 5 | 2018-05-01 | p. 63-63 | 1951-1787
856 4 1 _uhttps://shs.cairn.info/magazine-philosophie-magazine-2018-5-page-63?lang=fr&redirect-ssocas=7080
999 _c2060314
_d2060314